000 00484nam a2200157 i 4500
001 56217
003 ES-MaACL
005 20230906163317.0
007 t|
008 031006s1933 sp ||||1| spa d
100 1 _aDíaz Tendero, Eleuterio.
_944435
245 1 0 _aMi gestión durante diez meses al frente del puerto de Huelva /
_cEleuterio Díaz Tendero.
260 _aHuelva :
_b[s.n.,
_c1933] (
_fImp. Diario de Huelva)
300 _a31 p. ;
_c22 cm.
852 _aES-MaACL
_j1781-F-13
999 _c56217
_d56217